| 000 | 00584nam a2200181 a 4500 | ||
|---|---|---|---|
| 001 | 000041356 | ||
| 005 | 20201002034822.0 | ||
| 008 | 131001s1977 sp 000 0 spa d | ||
| 020 | _a8400036840 | ||
| 040 |
_aDO-SdBNP _bspa _cBNPHU |
||
| 082 |
_axxxx _bxxxx |
||
| 245 | 0 | 3 |
_aLa elegía romántica Española / _cestudio y antología María Paz Díez Taboada. |
| 260 |
_aMadrid, : _bCSIC, _c1977. |
||
| 300 |
_a294 p. ; _c25 cm. |
||
| 490 | 1 |
_aAñejos de revista de literatura _v39 |
|
| 700 |
_aDíez Toboada, María Paz, _968001 |
||
| 830 | 0 |
_aAñejos de revista de literatura _n39 _968002 |
|
| 999 |
_c40846 _d40846 |
||